banner koha

Phaeoseptum aquaticum (Halotthiaceae): new record for American continent in a new host for science (Registro n. 333976)

MARC details
000 -LÍDER
fixed length control field 02123nab a2200253 i 4500
003 - CÓDIGO MARC DA AGÊNCIA CATALOGADORA
Campo de controle BR-BrBNA
005 - DATA E HORA DA ÚLTIMA ATUALIZAÇÃO
Campo de controle 20250718170639.0
008 - CAMPO DE TAMANHO FIXO
fixed length control field 250718b2019 bl.ar|pooa||| 00| 0 eng |
040 ## - FONTE DA CATALOGAÇÃO
Agência catalogadora BR-BrBNA
Idioma da catalogação eng
072 ## - CATEGORIA AGRIS
Código AGRIS F70
100 ## - ENTRADA PRINCIPAL - NOME PESSOAL
Nome pessoal Santos, Maiara Araújo Lima dos
100 ## - ENTRADA PRINCIPAL - NOME PESSOAL
Nome pessoal Bezerra, José Luiz
100 ## - ENTRADA PRINCIPAL - NOME PESSOAL
Nome pessoal Vitória, Nadja Santos
245 ## - TÍTULO PRINCIPAL
Título principal Phaeoseptum aquaticum (Halotthiaceae): new record for American continent in a new host for science
500 ## - NOTA GERAL
Nota geral Publicação on-line; 6 ref.; 1 table; 1 illlus.; Summaries (En, Pt)
942 ## - ADDED ENTRY ELEMENTS (KOHA)
Koha item type Analítica
520 ## - NOTA DE RESUMO
Nota de conteúdo <br/><br/>Abstract<br/><br/>Phaeoseptum aquaticum (Ascomycota: Halotthiaceae) described for France, Haute Garonne, Palaminy,<br/>in a swamp, on submerged branch of Robinia pseudoacacia and at Martres Tolosane, e Moulin, banks<br/>of Garonne River, on driftwood of Salix sp., is reported as a new record for American continent in Juá<br/>village, municipality of Paulo Afonso, Bahia state, northeastern Brazil, colonizing a new host, Syagrus<br/>coronate, palm tree well suited to dry and arid regions from the Caatinga biome.<br/><br/>Key words: Arecaceae, Ascomycota, Caatinga bioma, taxonomy.<br/><br/><br/><br/><br/>Resumo<br/><br/>Phaeoseptum aquaticum (Ascomycota: Halotthiaceae) descrito para a França, Haute Garonne, Palaminy,<br/>em um pântano, no ramo submerso de Robinia pseudoacacia e em Martres Tolosane, e Moulin, bancos<br/>do rio Garonne, em troncos de Salix sp., é relatado como um novo registro para o continente americano<br/>no Povoado Juá, município de Paulo Afonso, estado da Bahia, nordeste do Brasil, colonizando um novo<br/>hospedeiro, Syagrus coronata, palmeira bem adaptada às regiões áridas e secas do bioma Caatinga.<br/><br/>Palavras-chave: Arecaceae, Ascomycota, bioma da Caatinga, taxonomia.
650 ## - ASSUNTO - THESAGRO
Cabeçalho tópico ou nome geográfico ARECACEAE
650 ## - ASSUNTO - THESAGRO
Cabeçalho tópico ou nome geográfico CAATINGA
650 ## - ASSUNTO - THESAGRO
Cabeçalho tópico ou nome geográfico TAXONOMIA
773 0# - ENTRADA ANALÍTICA
Host Biblionumber 709
Registro do item 351354
Imprenta Rio de Janeiro-RJ Jardim Botanico do Rio de Janeiro 1935
Outro identificador 2025-3977
Título Rodriguésia (Brazil)
ISSN 0370-6583; 2175-7860 on-line
Colação v. 70 p. 1-4; (2019)
Número de controle de registro BR2025003276
856 ## - ACESSO E ENDEREÇO ELETRÔNICO
Identificador uniforme de recurso - URI https://www.scielo.br/j/rod/a/zxNbgnmCXLh6dv96dySYCfj/?format=pdf&lang=en

Nenhum exemplar disponível.

BINAGRI

Telefone: (61)3218-2567/2388/3357/2097 - binagri@agro.gov.br

Ministério da Agricultura e Pecuária , Esplanada dos Ministérios, Bloco D, Anexo B, Brasília/DF, CEP: 70.043-900